Contabilidad industrial (Registro nro. 2115)

Detalles MARC
000 -LEADER
fixed length control field 01093 a2200205 4500
001 - CONTROL NUMBER
control field 30728
005 - DATE AND TIME OF LATEST TRANSACTION
control field 20260407155616.0
008 - FIXED-LENGTH DATA ELEMENTS--GENERAL INFORMATION
fixed length control field 260407a1960 arg spa d
003 - CONTROL NUMBER IDENTIFIER
control field AR-UNSa-BCEJYS
040 ## - CATALOGING SOURCE
Original cataloging agency AR-UNSa-BCEJYS
Language of cataloging spa
Transcribing agency AR-UNSa-BCEJYS
080 ## - UNIVERSAL DECIMAL CLASSIFICATION NUMBER
Universal Decimal Classification number 657
Common auxiliary subdivision Contabilidad
100 1# - MAIN ENTRY--PERSONAL NAME
Personal name Schneider, Erich
245 10 - TITLE STATEMENT
Title Contabilidad industrial
Name of part/section of a work funadamentos y principales problemas
264 #1 - PRODUCTION, PUBLICATION, DISTRIBUTION, MANUFACTURE, AND COPYRIGHT NOTICE
Place of production, publication, distribution, manufacture Madrid :
Name of producer, publisher, distributor, manufacturer Aguilar
Date of production, publication, distribution, manufacture, or copyright notice 1960
300 ## - PHYSICAL DESCRIPTION
Extent 246 p.
Dimensions 22 cm.
505 ## - FORMATTED CONTENTS NOTE
Formatted contents note 1. La corriente de riqueza en la empresa industrial y los concepros fundamentales necesarios para su análisis - 2. La contabilidad comercial y el cálculo del resultado externo - 3. Funciones de la contabilidad interna - 4. Estadisticas de costes, de producción y volumen de ventas - 5. Cálculo de la pieza ( cálculo de los costes de la pieza ) - 6. El cálculo del resultado interno - 7. Relación entre la contabilidad comercial y la contabilidad industrial - 8. La doctrina de los costos fijos y su problemática
590 ## - LOCAL NOTE (RLIN)
Local note niveau_biblio:m niveau_hierar:0
700 1# - ADDED ENTRY--PERSONAL NAME
Personal name Merayo Viñambres, Carlos
942 ## - ADDED ENTRY ELEMENTS (KOHA)
Koha item type
Existencias
Withdrawn status Lost status Damaged status Not for loan Home library Current library Shelving location Date acquired Total checkouts Full call number Barcode Date last seen Price effective from Koha item type
        Biblioteca Prof. Eusebio Cleto del Rey Biblioteca Prof. Eusebio Cleto del Rey   07/04/2026   657 S358 L21184 07/04/2026 07/04/2026 Libro
        Biblioteca Prof. Eusebio Cleto del Rey Biblioteca Prof. Eusebio Cleto del Rey   07/04/2026   657 S358 L24503 07/04/2026 07/04/2026 Libro